=LDR 00000nam 2200000 4500 =001 NUTBA000000000001548 =005 20200205073826 =035 ##$$a 0010-051400000000013 =008 200205################g##########0#ind## =020 ##$$a 602-8146-53-6 =082 ##$$a 005.369 =100 ##$$a Tabrani, Suryanto =245 1#$$a Auto cad 3 D 2008 /$c Suryanto Tabrani =250 ##$$a cet.1 =260 ##$$a Jakarta :$b Bintang Indonesia,$c 2009 =300 ##$$a viii,128 hlm : $b ilus ; $c 21 cm =084 ##$$a 005.369 Tab a =990 ##$$a 21007121 =990 ##$$a 21007120 =990 ##$$a 21007118 =990 ##$$a 21007119